MDQL
is popping MORE tags! Check the
thread
!
Quizzes
Events
Quiz Creation
Community
Videos
Private Events
Remove Ads
Sign In
Join for FREE
Feedback
Dark Mode
Quiz Categories
Sports
Geography
Music
Movies
Television
Just For Fun
Miscellaneous
History
Literature
Language
Science
Gaming
Entertainment
Religion
Holiday
For Kids
Quiz Lab
Recent
Popular Today
Quiz Kudos Today
Editor Picks
Curator Picks
Quizzes by...
Day
Popularity
Type
Ratings
Length
Year
Community
Subscriptions
Recent Discussions
Orange Saloon
Badges
Playlists
Quests
Create
Leaderboards
Showdown
Live 5
Trivia Bingo
Activity
Puzzle Library
Sporcle Events
Private Events
Virtual Trivia
Globe League
Become a Host
Pub Owners
SporcleCon
Opinionation
Our Games
Videos
Blog
Mobile Apps
Partnerships
Remove Ads and Go Orange
Feedback
Movies
Disney
Marvel Cinematic Universe
Movie Resume
Movie Titles
Oscar
Actor
Actress
Director
Pixar
Role
Movie Quotes
Movie Characters
Box Office
Nominee
Best Picture
Star Wars
James Bond
Horror Movies
Movies
Disney
Marvel Cinematic Universe
Movie Resume
Movie Titles
Oscar
Actor
Actress
Director
Pixar
Role
Movie Quotes
Movie Characters
Box Office
Nominee
Best Picture
Star Wars
James Bond
Horror Movies
Random Quiz
Search Sporcle
×
Quiz Lab
Quiz Lab
Movies
Favorite
Type in answers that appear in a list
Type in answers that appear in a list
Classic
Best Score? Go Orange.
Guess My Favourite Films Stats
Can you name the Guess My Favourite Films?
By
MattSenior
15m
100 Questions
62 Plays
62 Plays
62 Plays
Comments
Comments
Give Quiz Kudos
Give Quiz Kudos
-
- Ratings
hide this ad
Replay
Link that replays current quiz
Next Quiz
Link to next quiz in quiz playlist
You Got
0%
They Got
Avg Score
25%
Avg Friend Score
Upgrade to see
Score Distribution
Jump to the score distribution portion of the page
Score
0/100
Timer
15:00
0
Plays Today
% Correct
Star Wars: Episode II - Attack of the Clones
69.4%
Star Wars: Episode III - Revenge of the Sith
69.4%
Star Wars: Episode V - The Empire Strikes Back
69.4%
Star Wars: Episode I - The Phantom Menace
69.4%
Star Wars: Episode IV - A New Hope
69.4%
Star Wars: Episode VI - Return of the Jedi
69.4%
Harry Potter and the Half-Blood Prince
64.5%
Harry Potter and the Order of the Phoenix
64.5%
Harry Potter and the Chamber of Secrets
64.5%
Harry Potter and the Deathly Hallows: Part 1
64.5%
Harry Potter and the Philosopher's Stone
64.5%
Harry Potter and the Prisoner of Azkaban
64.5%
Harry Potter and the Goblet of Fire
64.5%
Harry Potter and the Deathly Hallows: Part 2
64.5%
The Lord of the Rings: The Two Towers
54.8%
The Lord of the Rings: The Return of the King
54.8%
The Lord of the Rings: The Fellowship of the Ring
54.8%
Toy Story
51.6%
The Dark Knight
50%
The Lion King
48.4%
Batman Begins
40.3%
Toy Story 3
40.3%
Shrek
38.7%
Jaws
35.5%
Pirates of the Caribbean: Dead Man's Chest
33.9%
Pirates of the Caribbean: The Curse of the Black Pearl
33.9%
Inception
33.9%
Spider-Man
32.3%
Jurassic Park
27.4%
Back to the Future
27.4%
X-Men Origins: Wolverine
27.4%
The Departed
25.8%
Monsters, Inc.
25.8%
Spider-Man 3
25.8%
% Correct
How to Train Your Dragon
24.2%
The Prestige
24.2%
300
24.2%
Beauty and the Beast
24.2%
Tarzan
22.6%
Tangled
21%
Hercules
21%
Anchorman: The Legend of Ron Burgundy
19.4%
The Mask
19.4%
Austin Powers: International Man of Mystery
19.4%
American Pie
19.4%
King Kong
19.4%
Horton Hears a Who!
17.7%
Thor
17.7%
Taken
17.7%
American Pie 2
17.7%
Rio
17.7%
Troy
16.1%
Peter Pan
16.1%
The Hangover
16.1%
American Beauty
16.1%
Gangs of New York
16.1%
Eternal Sunshine of the Spotless Mind
16.1%
Finding Neverland
14.5%
Megamind
14.5%
Zoolander
14.5%
The Jungle Book
14.5%
The Mummy
14.5%
State Fair
12.9%
The Last Samurai
12.9%
The Emperor's New Groove
12.9%
Wimbledon
12.9%
National Treasure
12.9%
Dunston Checks In
12.9%
% Correct
National Treasure: Book of Secrets
12.9%
Inglourious Basterds
12.9%
Ace Ventura: When Nature Calls
12.9%
Road Trip
12.9%
The Mummy Returns
12.9%
Liar Liar
12.9%
Heartbreakers
12.9%
3:10 to Yuma
12.9%
Charlie's Angels
12.9%
EuroTrip
12.9%
Van Helsing
12.9%
The Haunted Mansion
11.3%
Happy Gilmore
11.3%
Without a Paddle
11.3%
Interview with the Vampire: The Vampire Chronicles
11.3%
Lost in Translation
9.7%
X-Men: First Class
9.7%
She's Out of My League
9.7%
Kung Fu Panda
9.7%
Mrs. Doubtfire
9.7%
Vicky Cristina Barcelona
9.7%
Prince of Persia: The Sands of Time
8.1%
Meet the Parents
8.1%
Pan's Labyrinth
8.1%
Little Nicky
4.8%
Walk the Line
4.8%
Sherlock Holmes
4.8%
The Scorpion King
4.8%
Lemony Snicket's A Series of Unfortunate Events
3.2%
DragonHeart
3.2%
O Brother, Where Art Thou?
3.2%
Shanghai Knights
1.6%
Quiz Playlist
Details
Report
Send in Message
Add To Playlist
Classic:
Type in answers that appear in a list
Last Updated: Feb 16, 2017
Quiz Scoreboard
CHALLENGE
Sign Up to Join the Scoreboard
Show All
Scores
Hide
Comments
May contain spoilers
Recently Published
1-10 Letter E Words III
by El_Dandy
Language
2m
Street Fighter Characters
by Artimus82
Gaming
60s
College Basketball Coaching Resumes
by pancakes188
Sports
9m
More to Explore
Quiz From the Vault
Featured Blog Post
Where Did the Easter Bunny Come From?
hide this ad
You Might Also Like...
Tags
Favorite
Today's Top Quizzes in Movies
Browse Movies
hide this ad
Today's Top Quizzes in Favorite
Browse Favorite
Top Contributed Quizzes in Movies
1
Pick 5 Posters: Directed by Spielberg
2
7-to-1: Pixar Characters
3
Hidden Star Wars Character II
4
Pick 5 Posters: Lowest-Rated Spielberg
5
Hidden Star Wars Character III
6
Sorting Actors
7
Sorting Actresses
8
Hidden Star Wars Character IV
9
Pick 5 Posters: Directed by Scorsese
10
Hidden Star Wars Character V
Explore More
Trending Topics
Anime
Kpop
Harry Potter
Crossword
NBA
Marvel
Disney
Pokémon
WWE
The Office
Soccer
NFL
Song
Puzzle
Country
hide this ad
More By:
MattSenior
Quiz
Plays
Rating
Category
Featured
Created
Guess My Favourite Films
62
1.00
Movies
Feb 18, 2012
Go to Creator's Profile
Score Distribution
Quiz Creator Spotlight
MattSenior
Follow
Send a Message
Quizzes Created
-
Created Quiz Play Count
-
More By This Creator
Popular Quizzes Today
1
Find the US States - No Outlines Minefield
2
Find the Countries of Europe - No Outlines Minefield
3
The Countries of the World
4
Find the US States
5
Risky Map Clicking: Biggest States A-Z
6
US States
7
Popular People in 1961
8
Movies - When Are They Set?
More Movies Quizzes
Quick Pick: Kevin Bacon Movie Posters
Curator's Pick
Trending Quizzes
Risky Map Clicking: Least Populous States A-Z
Billboard Blitz: Aretha Franklin
Famous Russians: Author or Composer?
Countries of the World: 200 Million BC
1-10 Letter G Words
Recently Updated
Leaping Animals
pecheneg
Reality TV Shows (A-Z)
bhenderson79
Rickey Henderson's Hall of Fame Teammates
pecheneg
Champions League XIs: Arsenal
pecheneg
Quick Pick: Celebrities in WWE's Hall of Fame
aduchscher
A-Z Keypad Blitz II
pecheneg
Multiple Oscar Actors
pecheneg
Mystery Phrase Blitz: Oscar 'Best Actors'
pecheneg
F. Scott Fitzgerald Novels
LTH
Pick 3 Villains
ddd62291
Trending Topics
Anime
Kpop
NBA
Disney
Harry Potter
Marvel
Crossword
WWE
Country
Pokémon
Soccer
Song
Puzzle
The Office
NFL
Your Account Isn't Verified!
In order to create a playlist on Sporcle, you need to verify the email address you used during registration. Go to your
Sporcle Settings
to finish the process.
Report this User
Report this user for behavior that violates our
Community Guidelines
.
Details:
Send Report
Go to the Sporcle.com Mobile Site →
Comments